Nahuelbuta
Gespeichert in:
| 1. Verfasser: | |
|---|---|
| Format: | Buch |
| Sprache: | Spanisch |
| Veröffentlicht: |
Buenos Aires
Francisco de Aguirre
1972
|
| Ausgabe: | 1a. ed |
| Schriftenreihe: | Biblioteca Francisco de Aguirre, 41 Colección Araucanía, 2
|
| Schlagworte: | |
| Tags: |
Tag hinzufügen
Keine Tags, Fügen Sie den ersten Tag hinzu!
|
MARC
| LEADER | 00000cam a2200000 a 4500 | ||
|---|---|---|---|
| 001 | UCD9997 | ||
| 003 | CL-VaPUC | ||
| 008 | 170713e19720000ag |||||||||||||||||spa|d | ||
| 082 | 0 | 4 | |a 983.02 |b CAM |2 21 |
| 100 | 0 | |a Campos Menchaca, Mariano José |e author |9 483899 | |
| 245 | 1 | 0 | |a Nahuelbuta |
| 250 | |a 1a. ed | ||
| 300 | |a 591 p | ||
| 942 | |c BK | ||
| 945 | |d 20170713 16:08:00 |a dcastane | ||
| 260 | |a Buenos Aires |b Francisco de Aguirre |c 1972 | ||
| 650 | 0 | |a Historia de Chile |9 265473 | |
| 650 | 0 | |a Guerra de Arauco |9 267618 | |
| 650 | 0 | |a Colonización española |9 256592 | |
| 583 | |a last modification |c 20170713 16:08:00 |k Rodrigo Vera | ||
| 490 | 0 | |a Biblioteca Francisco de Aguirre, 41 Colección Araucanía, 2 | |
| 999 | |c 368996 |d 368994 | ||
| 952 | |0 0 |1 0 |3 erb |4 0 |6 983_020000000000000_CAM_1972 |7 0 |8 A |9 484511 |a BIBHIS |b BIBHIS |i 5408350 |o 983.02 CAM 1972 |p 5408350 |r 2025-01-20 |w 2019-11-24 |y BK |z Catalogado en:20170713 |k HIS | ||